| 000 | 01275cam a22003617a 4500 | ||
|---|---|---|---|
| 003 | CHAP | ||
| 005 | 20220329135335.0 | ||
| 008 | 971013s1976 r 00010 d | ||
| 010 | _a34689 | ||
| 011 | _a35661 | ||
| 035 | _a39777 | ||
| 040 | _cCHAP | ||
| 082 |
_a312.0972 _bO5 |
||
| 100 | 0 | 0 |
_aOlaíz y Pérez, Alfonso. _982961 |
| 245 | 0 | _aProyecciones de población, 1970-2000 | |
| 260 |
_a(México, D. F.) : _bComisión del Plan Nacional Hidráulico, _c(1976) |
||
| 300 | _a197 p. mapa | ||
| 490 | 0 |
_aDocumentación _v; 9 |
|
| 590 |
_aBATCH-UPD _b10 _c20130109 _lUCH01 _h2320 |
||
| 590 |
_aBATCH-UPD _b10 _c20130110 _lUCH01 _h1649 |
||
| 590 |
_aBATCH-UPD _b10 _c20130409 _lUCH01 _h1843 |
||
| 590 |
_aBATCH-UPD _b10 _c20130410 _lUCH01 _h1039 |
||
| 590 |
_aBATCH-UPD _b10 _c20130914 _lUCH01 _h1849 |
||
| 590 |
_aCONVERSION _b10 _c20130109 _lUCH01 _h1319 |
||
| 650 | 1 | 4 |
_aPoblación _xEstadísticas _zMéxico. _989385 |
| 650 | 1 | 4 |
_aPoblación _xMéxico. _989408 |
| 830 | 0 |
_aDocumentación _v; 9 _933173 |
|
| 901 | _aBK | ||
| 942 | _cLIBRO | ||
| 949 |
_a312.0972 O5 _bBC _cLIBRO _d33724000300828 _eLIBRO _fc.2 _h41866 _i39777 _si |
||
| 949 |
_a312.0972 O5 _bBC _cLIBRO _d33724000300836 _eLIBRO _h41475 _i39777 _si |
||
| 949 |
_a312.0972 O5 _bBC _cLIBRO _d33724000300844 _eLIBRO _fc.3 _h62565 _i39777 _si |
||
| 999 |
_c34689 _d34689 |
||